Most Popular Songs - 1982 - Statistics

General Stats
  • This quiz has been taken 19 times
  • The average score is 8 of 12
Answer Stats
Month Artist Song % Correct
August Survivor Eye Of The Tiger
94%
May Paul McCartney & Stevie Wonder Ebony and Ivory
89%
October Men At Work Down Under
83%
November Dexys Midnight Runners Come On Eileen
78%
September Steve Miller Band Abracadabra
72%
June The Human League Don't You Want Me
72%
March Joan Jett & the Blackhearts I Love Rock And Roll
67%
February The J. Geils Band Centerfold
61%
July Toto Rosanna
61%
December F.R. David Words
39%
January Earth, Wind, & Fire Lets Groove
28%
April Shakin' Stevens Oh Julie
17%
No matching quizzes found
Score Distribution
Percent of People with Each Score
Percentile by Number Answered
Your Score History
You have not taken this quiz